| 000 | 00489nam a22001697a 4500 | ||
|---|---|---|---|
| 003 | BD-ChCU | ||
| 005 | 20251217100704.0 | ||
| 008 | 251217b bg ||||| |||| 00| 0 ben d | ||
| 040 | _cBD-ChCU | ||
| 082 | _aREF 303.3402 STH | ||
| 100 |
_aStogdill , Ralph M. _918233 |
||
| 245 |
_aHandbook of leadership : _ba survey of theory and research . _cRalph M. Stogdill . |
||
| 260 |
_aNew York : _bFree , _cC 1974 |
||
| 300 | _aviii , 613p | ||
| 650 | 0 |
_aLeadership. _918234 |
|
| 942 |
_2ddc _cBK _n0 |
||
| 999 |
_c110499 _d110499 |
||